000 00255nam a2200109Ia 4500
008 200302s9999 xx 000 0 und d
100 _aDeidi Von Schaewen
245 _aFantasy Worlds
260 _bTaschen Verlog Gmbh
260 _c1999
300 _a335 P.,
999 _c1980
_d1980